LA PALESTRA DEL CLERO. GENNAIO-DICEMBRE 1890. PERIODICO ISTRUTTIVO MORALE E RELIGIOSO. (Record n. 323554)
[ formato base ]
| 000 -LEADER | |
|---|---|
| fixed length control field | 01765nas a2200277Ia 4500 |
| 001 - CONTROL NUMBER | |
| control field | R262-R5111 |
| 003 - CONTROL NUMBER IDENTIFIER | |
| control field | IT-CnALBA |
| 008 - FIXED-LENGTH DATA ELEMENTS--GENERAL INFORMATION | |
| fixed length control field | 170116c99999999xx |||||||||||| ||und|| |
| 040 ## - CATALOGING SOURCE | |
| Original cataloging agency | IT-CnALBA |
| Transcribing agency | IT-CnALBA |
| 041 ## - LANGUAGE CODE | |
| Language code of text/sound track or separate title | ITALIANO |
| 999 ## - SYSTEM CONTROL NUMBERS (KOHA) | |
| Koha Dewey Subclass [OBSOLETE] | SI |
| 100 ## - MAIN ENTRY--PERSONAL NAME | |
| Personal name | TRIPEPI MONS. LUIGI |
| 210 ## - ABBREVIATED TITLE | |
| Abbreviated title | LA PALESTRA DEL CLERO |
| 222 ## - KEY TITLE | |
| Key title | LA PALESTRA DEL CLERO |
| 245 #0 - TITLE STATEMENT | |
| Title | LA PALESTRA DEL CLERO. GENNAIO-DICEMBRE 1890. PERIODICO ISTRUTTIVO MORALE E RELIGIOSO. |
| 250 ## - EDITION STATEMENT | |
| Edition statement | 1a ed. |
| 260 ## - PUBLICATION, DISTRIBUTION, ETC. (IMPRINT) | |
| Place of publication, distribution, etc. | ROMA |
| Name of publisher, distributor, etc. | SOCIALE TIPOGRAFIA |
| Date of publication, distribution, etc. | 1890 [1° Ed.:1890 - Ed.Ling.Originale: 1890] |
| 300 ## - PHYSICAL DESCRIPTION | |
| Extent | 416 p. |
| 310 ## - CURRENT PUBLICATION FREQUENCY | |
| Current publication frequency | BIMENSILE |
| 362 ## - DATES OF PUBLICATION AND/OR SEQUENTIAL DESIGNATION | |
| Dates of publication and/or sequential designation | Fascicolo: 1-12 / Anno: 13 (1890) |
| 500 ## - GENERAL NOTE | |
| General note | ANANIA G. B. FORTI G. MURINO E. MASCETTI MOSCA G. LINARI U. LENZINI ONORATO. IMPARATI M. F. GASPARRI A. RIFLESSIONI SULLA VITA DELLA VERGINE. SUL LIBRO DDI MAMIAMI TERENZIO, LA RELIGIONE DELL'AVVENIRE. IL PAPA DAMASO. ESPOSIZIONI SULLA SCCRITTURA. MARIA GLORIOSA. BEATO PIETRO CHANEL. SANTA VERONICA GIULIANI. BEATO GIOVANNI M. PERBOYRE. IMMACOLATA CONCEZIONE DI MARIA. COSE VARIE. SPIEGAZIONE DEI VANGELI DOMENICALI. LITURGIA ATTI DELLA S. SEDE. |
| 501 ## - WITH NOTE | |
| With note | Società San Paolo EM - Piazza San Paolo, 14 - 12051 ALBA (CN) (non commercial uses only) ® Copyright 2017 |
| 520 ## - SUMMARY, ETC. | |
| Summary, etc. | ANANIA G. B. FORTI G. MURINO E. MASCETTI MOSCA G. LINARI U. LENZINI ONORATO. IMPARATI M. F. GASPARRI A. RIFLESSIONI SULLA VITA DELLA VERGINE. SUL LIBRO DDI MAMIAMI TERENZIO, LA RELIGIONE DELL'AVVENIRE. IL PAPA DAMASO. ESPOSIZIONI SULLA SCCRITTURA. MARIA GLORIOSA. BEATO PIETRO CHANEL. SANTA VERONICA GIULIANI. BEATO GIOVANNI M. PERBOYRE. IMMACOLATA CONCEZIONE DI MARIA. COSE VARIE. SPIEGAZIONE DEI VANGELI DOMENICALI. LITURGIA ATTI DELLA S. SEDE. |
| 650 ## - SUBJECT ADDED ENTRY--TOPICAL TERM | |
| Topical term or geographic name as entry element | ECCLESIOLOGIA |
| 942 ## - ADDED ENTRY ELEMENTS (KOHA) | |
| Koha item type | RIVISTA |
| 957 ## - | |
| -- | 1 |
| 999 ## - SYSTEM CONTROL NUMBERS (KOHA) | |
| -- | 1 |
| Withdrawn status | Lost status | Damaged status | Not for loan | Home library | Current library | Date acquired | Total Checkouts | Full call number | Date last seen | Price effective from | Koha item type | Public note |
|---|---|---|---|---|---|---|---|---|---|---|---|---|
| Buone Condizioni | Not For Loan | ALBA - Biblioteca | ALBA - Biblioteca | 16/01/2017 | R262-R5111 | 16/01/2017 | 16/01/2017 | RIVISTA | (data import: 16 gennaio 2017) - By Epidotti, Vaglietti. |